[Event "Kimry Spring op 44th"]
[Site "Kimry"]
[Date "2009.04.13"]
[Round "6"]
[White "Ryabov, Alexandr"]
[Black "Kobozeva, Viktoria"]
[Result "0-1"]
[WhiteElo "1468"]
[BlackElo "1574"]
[PlyCount "76"]
[EventDate "2009.04.13"]
[EventType "swiss"]
[EventRounds "7"]
[EventCountry "RUS"]
[SourceTitle "EXT 2022"]
[Source "ChessBase"]
[SourceDate "2021.10.06"]
[SourceVersion "1"]
[SourceVersionDate "2021.10.06"]
[SourceQuality "1"]

1. e4 e5 2. Nf3 Nc6 3. d4 exd4 4. Nxd4 Nf6 5. Nc3 Bb4 6. Nxc6 bxc6 7. Qf3 Qe7 8. Bd3 Bxc3+ 9. bxc3 d5 10. e5 Qxe5+ 11. Qe2 Qxe2+ 12. Bxe2 0-0 13. Bf4 Ne8 14. 0-0 Nd6 15. Bf3 Bf5 16. Rac1 Rac8 17. Rfe1 Rfe8 18. Red1 Nc4 19. g4 Be4 20. Bxe4 Rxe4 21. Re1 Rxf4 22. Re2 Rxg4+ 23. Kh1 Re4 24. Rxe4 dxe4 25. Rd1 h6 26. Rd4 Nd6 27. c4 f5 28. c5 Nb5 29. Rb4 Re8 30. a4 Nc3 31. Rb7 f4 32. Rxc7 e3 33. fxe3 fxe3 34. Rxc6 e2 35. Rd6 e1Q+ 36. Kg2 Qe2+ 37. Kh3 Re3+ 38. Kh4 g5# 0-1

[Event "Dubna Cup Rating-B"]
[Site "Dubna"]
[Date "2008.07.18"]
[Round "9"]
[White "Ryabov, Alexandr"]
[Black "Sarkhadov, Ibrakhim"]
[Result "0-1"]
[WhiteElo "1459"]
[BlackElo "1817"]
[PlyCount "40"]
[EventDate "2008.07.12"]
[EventType "tourn"]
[EventRounds "10"]
[EventCountry "RUS"]
[SourceTitle "EXT 2022"]
[Source "ChessBase"]
[SourceDate "2021.10.06"]
[SourceVersion "1"]
[SourceVersionDate "2021.10.06"]
[SourceQuality "1"]

1. e4 e5 2. Nf3 Nc6 3. Bc4 Bc5 4. 0-0 Nf6 5. d3 h6 6. Nc3 a6 7. a3 d6 8. Nd5 Bg4 9. h3 Bh5 10. Be3 Qd7 11. Bxc5 dxc5 12. Nxf6+ gxf6 13. c3 0-0-0 14. Rb1 Rhg8 15. Kh2 Na5 16. b4 Nxc4 17. Qb3 Bxf3 18. gxf3 Nd2 19. Qb2 Nxf3+ 20. Kh1 Qxh3# 0-1

[Event "Dubna Cup Rating-B"]
[Site "Dubna"]
[Date "2008.07.12"]
[Round "2"]
[White "Ryabov, Alexandr"]
[Black "Doronine, Vladimir"]
[Result "0-1"]
[WhiteElo "1459"]
[BlackElo "1944"]
[PlyCount "72"]
[EventDate "2008.07.12"]
[EventType "tourn"]
[EventRounds "10"]
[EventCountry "RUS"]
[SourceTitle "EXT 2022"]
[Source "ChessBase"]
[SourceDate "2021.10.06"]
[SourceVersion "1"]
[SourceVersionDate "2021.10.06"]
[SourceQuality "1"]

1. e4 d6 2. Nc3 Nf6 3. d4 g6 4. Nf3 Bg7 5. Bc4 0-0 6. 0-0 c5 7. Be3 cxd4 8. Qxd4 Ng4 9. Qd3 Nc6 10. h3 Nb4 11. Qd2 Nxe3 12. Qxe3 Nxc2 13. Qd2 Nxa1 14. Rxa1 Qa5 15. a3 Bxc3 16. bxc3 Qh5 17. g4 Qxh3 18. Ng5 Qxg4+ 19. Kf1 Bd7 20. Be2 Qh4 21. f4 Qh1+ 22. Kf2 Qxa1 23. e5 Qxa3 24. exd6 Qxd6 25. Qxd6 exd6 26. Bd3 a5 27. Bc2 a4 28. Ne4 a3 29. Nd2 a2 30. Nb3 Ba4 31. Na5 Bxc2 32. Nxb7 a1Q 33. Nxd6 Qxc3 34. Ne4 Bxe4 35. Ke2 Ra2+ 36. Kd1 Qa1# 0-1